[Event "Banff op"]
[Site "Banff"]
[Date "2022.11.13"]
[Round "6"]
[White "Wu, Charles"]
[Black "Moore, Kevin D"]
[Result "1/2-1/2"]
[WhiteElo "1626"]
[BlackElo "1399"]
[PlyCount "110"]
[EventDate "2022.11.11"]
[EventType "swiss"]
[EventRounds "6"]
[EventCountry "CAN"]
[SourceTitle "CBM 211 Extra"]
[Source "ChessBase"]
[SourceDate "2023.01.31"]
[SourceVersion "1"]
[SourceVersionDate "2023.01.31"]
[SourceQuality "1"]

1. d4 d5 2. Bf4 c5 3. e4 dxe4 4. d5 Nf6 5. Nc3 a6 6. Qe2 Nxd5 7. 0-0-0 e6 8. Qxe4 Be7 9. Nxd5 exd5 10. Rxd5 Qb6 11. Bxb8 Rxb8 12. Qe5 Ra8 13. Nf3 Qh6+ 14. Kb1 Be6 15. Rd1 0-0 16. Be2 Rfe8 17. Qc7 Bf6 18. Qxc5 Bxa2+ 19. Kxa2 Rxe2 20. Rhe1 Rxe1 21. Rxe1 Qf4 22. Kb1 g6 23. Qd5 Kg7 24. Ne5 Rf8 25. Nd3 Qc7 26. f4 Rd8 27. Qf3 Qa5 28. Re2 Rd4 29. Qxb7 Ra4 30. c3 Ra1+ 31. Kc2 Qa4+ 32. Qb3 Qd7 33. Rd2 a5 34. Qc4 a4 35. Ne5 Qf5+ 36. Nd3 a3 37. bxa3 Rxa3 38. Kb2 Rxc3 39. Qxc3 Bxc3+ 40. Kxc3 Qa5+ 41. Kc2 h5 42. g3 f6 43. Kd1 Qa1+ 44. Nc1 Kh6 45. Kc2 g5 46. fxg5+ Kxg5 47. Ne2 h4 48. Rd3 Qf1 49. Nd4 Qf2+ 50. Kc3 Kg6 51. Nf3 hxg3 52. Nh4+ Kf7 53. hxg3 Qe1+ 54. Kc2 Qf2+ 55. Kc3 Qc5+ 1/2-1/2